| 000 | 00488nam a22001937a 4500 | ||
|---|---|---|---|
| 003 | CEME | ||
| 005 | 20210628205207.0 | ||
| 008 | 210211b xxu||||| |||| 00| 0 eng d | ||
| 020 | _a0-07-015754-5 | ||
| 040 | _c. | ||
| 082 | _a621.38887 DAV'T | ||
| 100 |
_aDavidson, H.L _974363 |
||
| 245 | _aTroubleshooting and repairing of solid-state tvs | ||
| 250 | _a3RD | ||
| 260 |
_aNEWYORK _bTAB BOOKS _c1996 |
||
| 300 | _a620P | ||
| 650 |
_aTELEVISION REPAIRING _974364 |
||
| 942 |
_cBK _2ddc |
||
| 999 |
_c579900 _d579900 |
||